000 00784nam a22001817a 4500
999 _c63612
_d63612
003 Ge_BSU
005 20251114203411.0
008 251114s1972 ge ||||| |||| 00| 0 geo d
041 _ageo
080 _a908(474.3) კ-39
100 _aკელენჯერიძე, ლევან
_926237
245 _aსაბჭოთა ლატვია /
_cლევან კელენჯერიძე.
264 _aთბილისი :
_bსაბჭ. საქართველო,
_c1972.
300 _a58 გვ. ;
_b16 სმ.
490 _aთავისუფალ ერთა მძლე კავშირი ძმური
653 _aკომუნისტური მშენებლობა ლატვიაში
942 _2udc
_cᲬᲘᲒᲜᲘ